000 00662nam a22001577a 4500
003 OSt
005 20150922150623.0
008 150922b xxu||||| |||| 00| 0 eng d
040 _cRUA
082 _aAGR By 2007 B035 Or.1
100 _91123
_aBY VIRAK
245 _aEffect of organic fertilizers on yard long bean in the crop station of the royal university of agriculture,(ឥទ្ធិពលជីធម្មជាតិទៅលើដំណាំសណ្ដែកកួរនៅសាកលវិទ្យាល័យភូមិន្ទកសិកម្ម)
260 _aphnom penh
_bRUA
_c2007
300 _axv,56p.
_cill.
_g29cm.
942 _2ddc
_cAGR
999 _c1075
_d1075